Discursos del presidente del Tribunal Constitucional, vol. IV (Registro nro. 58685)
[ vista simple ]
| 000 -LEADER | |
|---|---|
| campo de control de longitud fija | 00330nam a22000977a 4500 |
| 020 ## - NÚMERO INTERNACIONAL ESTÁNDAR DEL LIBRO | |
| Número Internacional Estándar del Libro | 9789945643992 |
| 100 1# - ENTRADA PRINCIPAL--NOMBRE DE PERSONA | |
| Nombre de persona | Milton Ray Guevara |
| -- | 88063 |
| 245 0# - MENCIÓN DEL TÍTULO | |
| Título | Discursos del presidente del Tribunal Constitucional, vol. IV |
| 264 ## - PRODUCCIÓN, PUBLICACIÓN, DISTRIBUCIÓN, FABRICACIÓN Y COPYRIGHT | |
| Producción, publicación | Santo Domingo : |
| Nombre del de productor, editor, distribuidor, fabricante | Tribunal Constitucional de la República Dominicana, |
| Fecha de producción, publicación, distribución, fabricación o copyright | 2023. |
| 300 ## - DESCRIPCIÓN - FÍSICA | |
| Extensión Pestaña: | 726 páginas ; |
| 999 ## - | |
| -- | 58685 |
| -- | 58685 |
No hay ítems disponibles.
